[Event "Paracin 2023"]
[Site "Paracin, Serbia"]
[Date "2023.07.10"]
[Round "4.1"]
[White "Urazayev, Arystanbek"]
[Black "Djordjevic, Vuk"]
[Result "1/2-1/2"]
[WhiteElo "2427"]
[BlackElo "2385"]
[PlyCount "123"]
[EventDate "2023.??.??"]

1. e4 e6 2. d4 d5 3. e5 c5 4. c3 Qb6 5. Nf3 Bd7 6. Bd3 Bb5 7. dxc5 Bxc5 8. b4
Bxd3 9. Qxd3 Bf8 10. O-O Ne7 11. Nbd2 Nbc6 12. Nb3 Ng6 13. Re1 Qc7 14. Qe2 Be7
15. g3 Nf8 16. a3 Rc8 17. Bf4 Nd7 18. h4 Nb6 19. h5 h6 20. Nh2 Nc4 21. Qg4 Bf8
22. Nf3 Ne7 23. Nfd4 a6 24. Nc5 Rg8 25. Nd3 Qd7 26. Qh3 Nc6 27. Nb3 b6 28. a4
d4 29. Nxd4 Nxd4 30. cxd4 Qxd4 31. Rad1 Qd5 32. Qg4 g5 33. hxg6 Rxg6 34. Qe2
Qc6 35. Rc1 b5 36. axb5 axb5 37. Ra1 Rd8 38. Red1 Rd4 39. Ra7 Be7 40. Kh2 Nb6
41. Ne1 Rxd1 42. Qxd1 Bxb4 43. Ng2 Nd5 44. Qa1 Kf8 45. Bc1 Qc2 46. Ra2 Qc4 47.
Nh4 Rg4 48. Bxh6+ Kg8 49. Nf3 Kh7 50. Bc1 Kg7 51. Ra8 Qe2 52. Kg2 Bc5 53. Bh6+
Kh7 54. Qb1+ Rg6 55. Ra2 Qc4 56. Bd2 Kg7 57. Rc2 Qe4 58. Rc1 Qxb1 59. Rxb1 b4
60. Ne1 Bd4 61. Bxb4 Bxe5 62. Bd2 1/2-1/2

[Event "Paracin 2023"]
[Site "Paracin, Serbia"]
[Date "2023.07.10"]
[Round "4.2"]
[White "Uskov, Artem"]
[Black "Damljanovic, Branko"]
[Result "1-0"]
[WhiteElo "2371"]
[BlackElo "2422"]
[PlyCount "187"]
[EventDate "2023.??.??"]

1. e4 c5 2. Nf3 e6 3. d4 cxd4 4. Nxd4 Nc6 5. Nc3 Qc7 6. Be2 a6 7. O-O Nf6 8.
Be3 Be7 9. f4 d6 10. Qe1 Bd7 11. Kh1 h5 12. Rd1 h4 13. Bf3 Nxd4 14. Bxd4 e5 15.
Be3 Rc8 16. f5 Bc6 17. a3 b5 18. Bg5 Nd7 19. Qd2 Bxg5 20. Qxg5 Kf8 21. Rd3 Rh6
22. Rfd1 Nb6 23. Bg4 Rd8 24. b3 Qe7 25. Qd2 Bb7 26. h3 Qc7 27. Qg5 Nc8 28. f6
Rxf6 29. Bxc8 Qxc8 30. Qxh4 Kg8 31. Rg3 Qe6 32. Qg5 g6 33. Rg4 Kg7 34. Ne2 Rh8
35. Ng3 Kf8 36. c4 Ke8 37. c5 Qe7 38. Rc1 dxc5 39. Rxc5 Re6 40. Qc1 Qf6 41. Qc3
Bc6 42. Kh2 Kd7 43. Ne2 Qf2 44. Ng1 Qd4 45. Qc1 Rc8 46. Nf3 Qd6 47. Ng5 Re7 48.
Rg3 f6 49. Qc3 Ke8 50. Rd3 Qc7 51. Nf3 Rd7 52. Rdd5 Bxd5 53. Rxc7 Rdxc7 54. Qe3
Bf7 55. Nh4 Ke7 56. Qh6 Rg8 57. Qe3 Rgc8 58. Qh6 Rg8 59. Qd2 Rc6 60. Qe3 Rh8
61. Qa7+ Ke6 62. Nf5 gxf5 63. exf5+ Kd5 64. Qxf7+ Ke4 65. a4 bxa4 66. bxa4 Rhc8
67. h4 Kxf5 68. Qd5 Rc4 69. Kh3 Rd4 70. Qf3+ Ke6 71. Qb3+ Rcc4 72. g3 Kf5 73.
a5 Rb4 74. Qf3+ Ke6 75. Qa8 e4 76. h5 Rb1 77. Qxa6+ Ke5 78. Qe2 Rd3 79. a6 Rbb3
80. Qg4 f5 81. Qf4+ Kf6 82. a7 Ra3 83. Qb8 Kg5 84. a8=Q Rxa8 85. Qxa8 Kxh5 86.
Qg8 Rf3 87. Qh7+ Kg5 88. Qg7+ Kh5 89. Kg2 Rd3 90. Qf6 Rf3 91. Kh2 Rf1 92. g4+
Kxg4 93. Qg6+ Kf4 94. Qg3# 1-0

[Event "Paracin 2023"]
[Site "Paracin, Serbia"]
[Date "2023.07.10"]
[Round "4.3"]
[White "Shahil, Dey"]
[Black "Gundavaa, Bayarsaikhan"]
[Result "0-1"]
[WhiteElo "2333"]
[BlackElo "2510"]
[PlyCount "150"]
[EventDate "2023.??.??"]

1. e4 c6 2. d4 d5 3. Nd2 dxe4 4. Nxe4 Bf5 5. Ng3 Bg6 6. h4 h6 7. Nf3 Nd7 8. h5
Bh7 9. Bd3 Bxd3 10. Qxd3 e6 11. Bd2 Ngf6 12. O-O-O Be7 13. Kb1 Qb6 14. Ne4 Rd8
15. c4 Nxe4 16. Qxe4 Nf6 17. Qe2 c5 18. Bc3 O-O 19. d5 exd5 20. cxd5 Rfe8 21.
Qc4 Bf8 22. Be5 Rd7 23. Rd2 Qd8 24. Rhd1 Bd6 25. Bxd6 Rxd6 26. Rd3 b6 27. Qf4
Nxh5 28. Qf5 g6 29. Qg4 Qf6 30. g3 Ng7 31. Nd2 Qf5 32. Qxf5 Nxf5 33. Nc4 Rd7
34. g4 Nd6 35. Ne3 Rde7 36. Rf1 Re4 37. b3 Kg7 38. Kc2 a5 39. Kd2 a4 40. f3 Rf4
41. Ng2 Rb4 42. Rc1 axb3 43. axb3 Ra8 44. Ne3 Nb5 45. Rc4 Ra2+ 46. Kd1 Ra1+ 47.
Kd2 Ra2+ 48. Kd1 Nd6 49. Rxb4 cxb4 50. Nc2 h5 51. gxh5 gxh5 52. Rd4 Kf6 53.
Rxb4 b5 54. Kd2 Nf5 55. Kd3 h4 56. d6 h3 57. d7 Ke7 58. Nd4 Ng3 59. Rxb5 Kxd7
60. Nf5 Nf1 61. Rb6 Rd2+ 62. Ke4 h2 63. Rh6 Rg2 64. Rh7 Rg1 65. Rxf7+ Kc6 66.
Rf6+ Kc5 67. Rh6 h1=Q 68. Rxh1 Rxh1 69. f4 Rh3 70. Ng7 Rxb3 71. Ke5 Re3+ 72.
Kf6 Ng3 73. f5 Kd6 74. Kg6 Ke7 75. f6+ Kf8 0-1

[Event "Paracin 2023"]
[Site "Paracin, Serbia"]
[Date "2023.07.10"]
[Round "4.4"]
[White "Pranesh, M."]
[Black "Shoshin, Kirill"]
[Result "1/2-1/2"]
[WhiteElo "2507"]
[BlackElo "2314"]
[PlyCount "148"]
[EventDate "2023.??.??"]

1. e4 c5 2. Nf3 Nc6 3. d4 cxd4 4. Nxd4 Nf6 5. Nc3 e5 6. Ndb5 d6 7. Nd5 Nxd5 8.
exd5 Nb8 9. a4 Be7 10. Be2 O-O 11. Bd2 Nd7 12. a5 a6 13. Na3 Nf6 14. Bb4 Bf5
15. Nc4 Rc8 16. O-O Re8 17. Ne3 Bg6 18. b3 Rc7 19. c4 Ne4 20. Bg4 Bg5 21. g3 h5
22. Bf3 Nf6 23. h4 Bh6 24. Qe2 Qd7 25. Rad1 e4 26. Bg2 Ng4 27. Bh3 f5 28. Bxg4
fxg4 29. Qb2 Qd8 30. Qd4 Rd7 31. Bd2 Rf7 32. Ng2 Bxd2 33. Qxd2 Rf3 34. Ne3 Ref8
35. c5 Be8 36. Qb2 Bb5 37. Rfe1 Qxa5 38. cxd6 Qb6 39. Rd2 Qxd6 40. Ng2 Bd3 41.
Qd4 Qf6 42. Qxf6 R3xf6 43. Nf4 Rxf4 44. gxf4 Rd8 45. Rc1 Rxd5 46. Kh2 a5 47.
Rc8+ Kh7 48. Rd1 Rb5 49. Rc3 b6 50. Ra1 Kg6 51. Ra4 Kf5 52. Rd4 Rb4 53. Rxb4
axb4 54. Rc7 Kxf4 55. Rxg7 Kf3 56. Rf7+ Ke2 57. Kg3 Kd2 58. Rc7 e3 59. fxe3
Kxe3 60. Rc6 b5 61. Rh6 Kd2 62. Rxh5 Kc3 63. Rd5 Bc2 64. Rxb5 Kxb3 65. Kxg4 Kc3
66. Rc5+ Kd2 67. Kf4 b3 68. Rb5 Kc1 69. Ke3 b2 70. Rb6 b1=Q 71. Rxb1+ Kxb1 72.
h5 Kb2 73. Kd4 Kb3 74. h6 Bb1 1/2-1/2

[Event "Paracin 2023"]
[Site "Paracin, Serbia"]
[Date "2023.07.10"]
[Round "4.5"]
[White "Wen, Teddie"]
[Black "Bryakin, Mikhail"]
[Result "0-1"]
[WhiteElo "2306"]
[BlackElo "2454"]
[PlyCount "96"]
[EventDate "2023.??.??"]

1. d4 g6 2. c4 Bg7 3. Nf3 d6 4. Nc3 c5 5. d5 Bxc3+ 6. bxc3 f5 7. Qa4+ Bd7 8.
Qb3 Qb6 9. h4 Nf6 10. Bg5 h6 11. Bxf6 exf6 12. h5 g5 13. e3 Kd8 14. Qc2 Re8 15.
Be2 Re7 16. O-O Qc7 17. Bd3 Qc8 18. Nd2 Kc7 19. Rfb1 Qe8 20. Qb3 Qc8 21. Nf1 f4
22. exf4 gxf4 23. Bg6 Be8 24. Re1 Re5 25. Qc2 Nd7 26. Qd2 Bxg6 27. hxg6 Qe8 28.
Nh2 Qxg6 29. Qxf4 Rae8 30. Qd2 Rxe1+ 31. Rxe1 Rxe1+ 32. Qxe1 Qd3 33. Nf3 Qxc4
34. Qd2 h5 35. a3 b5 36. Ne1 Nb6 37. Qh6 Qxc3 38. Nf3 b4 39. axb4 cxb4 40. Qh7+
Kb8 41. Qe4 Qc4 42. Qe8+ Nc8 43. Qa4 a6 44. g3 Kc7 45. Kg2 Nb6 46. Qa5 b3 47.
Qa3 Qxd5 48. Qxa6 b2 0-1

[Event "Paracin 2023"]
[Site "Paracin, Serbia"]
[Date "2023.07.10"]
[Round "4.6"]
[White "Kairbekova, Amina"]
[Black "Atalik, Suat"]
[Result "0-1"]
[WhiteElo "2173"]
[BlackElo "2438"]
[PlyCount "114"]
[EventDate "2023.??.??"]

1. e4 c5 2. Nf3 e6 3. d4 cxd4 4. Nxd4 Nf6 5. Nc3 Nc6 6. Nxc6 bxc6 7. e5 Nd5 8.
Ne4 Qc7 9. f4 Qb6 10. a3 a5 11. c4 Ne3 12. Qd3 Nf5 13. Be2 Rb8 14. Bd1 Ba6 15.
g4 Qd4 16. Be2 d5 17. gxf5 Qxe4 18. Qxe4 dxe4 19. fxe6 fxe6 20. Rg1 g6 21. Rg3
Be7 22. Kd2 Bh4 23. Rh3 Bf2 24. Kc3 O-O 25. Be3 Bxe3 26. Rxe3 Rxf4 27. Rf1 Rh4
28. h3 c5 29. Bg4 Rb6 30. Rxe4 g5 31. Rd1 h5 32. Rd6 hxg4 33. Rxb6 gxh3 34. Re1
Bxc4 35. Rg1 g4 36. Kxc4 h2 37. Rf1 g3+ 38. Kxc5 Rg4 39. Rb8+ Kh7 40. Rff8 Rg7
41. Rh8+ Kg6 42. Rb3 g2 43. Rg3+ Kf5 44. Rh5+ Kf4 45. Rxg2 Rxg2 46. Kd6 a4 47.
Kxe6 Kg3 48. Ke7 Rxb2 49. e6 Rb3 50. Kf7 Rf3+ 51. Kg6 Rxa3 52. e7 Re3 53. Rg5+
Kf3 54. Rh5 Rxe7 55. Rxh2 Ra7 56. Kf5 a3 57. Rh3+ Kg2 0-1

[Event "Paracin 2023"]
[Site "Paracin, Serbia"]
[Date "2023.07.10"]
[Round "4.7"]
[White "Wen, Tommy"]
[Black "Itgelt, Khuyagtsogt"]
[Result "1/2-1/2"]
[WhiteElo "2406"]
[BlackElo "2321"]
[PlyCount "60"]
[EventDate "2023.??.??"]

1. e4 e6 2. d4 d5 3. Nc3 Bb4 4. e5 c5 5. a3 Bxc3+ 6. bxc3 Qa5 7. Bd2 Qa4 8. Qg4
Kf8 9. Nf3 Nc6 10. Be2 Nge7 11. h3 h5 12. Qf4 Ng6 13. Qe3 c4 14. O-O Qxc2 15.
Rfc1 Qa4 16. Bd1 Qa5 17. Bc2 Nce7 18. g4 Bd7 19. a4 Qc7 20. Qg5 hxg4 21. hxg4
Kg8 22. Kg2 f6 23. exf6 gxf6 24. Qxf6 Rf8 25. Qg5 Rh2+ 26. Nxh2 Rxf2+ 27. Kxf2
Qxh2+ 28. Ke1 Qg1+ 29. Ke2 Qg2+ 30. Kd1 Qf3+ 1/2-1/2

[Event "Paracin 2023"]
[Site "Paracin, Serbia"]
[Date "2023.07.10"]
[Round "4.8"]
[White "Mamatov, Melis"]
[Black "Spasic, Petar"]
[Result "1/2-1/2"]
[WhiteElo "2403"]
[BlackElo "2303"]
[PlyCount "71"]
[EventDate "2023.??.??"]

1. e4 c5 2. Nf3 d6 3. d4 Nf6 4. Nc3 cxd4 5. Nxd4 Nc6 6. Be2 g6 7. Nxc6 bxc6 8.
e5 dxe5 9. Qxd8+ Kxd8 10. f4 Bh6 11. fxe5 Bxc1 12. Rxc1 Nd7 13. e6 fxe6 14. O-O
Rb8 15. b3 Rf8 16. Rfe1 Rf6 17. Rcd1 Kc7 18. Rd4 h5 19. Ra4 a6 20. Bf3 c5 21.
Rae4 Rb6 22. R4e3 Bb7 23. Bxb7 Kxb7 24. Rg3 Nf8 25. Na4 Rc6 26. Nb2 Rd6 27. Nd3
Rd5 28. c4 Rdf5 29. Rge3 Kb6 30. R3e2 g5 31. Re4 Kc6 32. Ne5+ Kc7 33. Nd3 Kd6
34. Rd1 Kc7 35. Rde1 Kd6 36. Rd1 1/2-1/2

[Event "Paracin 2023"]
[Site "Paracin, Serbia"]
[Date "2023.07.10"]
[Round "4.9"]
[White "Raahul, V S."]
[Black "Dvalishvili, Pavel S."]
[Result "1-0"]
[WhiteElo "2319"]
[BlackElo "2394"]
[PlyCount "101"]
[EventDate "2023.??.??"]

1. d4 Nf6 2. c4 e6 3. Nc3 Bb4 4. e3 Bxc3+ 5. bxc3 c5 6. Bd3 Nc6 7. Ne2 d6 8.
O-O e5 9. d5 Ne7 10. Ng3 h5 11. f4 exf4 12. Rxf4 h4 13. Ne4 Nxe4 14. Bxe4 h3
15. g3 Qa5 16. Qb3 Qc7 17. Bd2 Bd7 18. Raf1 f6 19. g4 O-O-O 20. Be1 Be8 21. Qc2
Rh6 22. Bg3 Ng6 23. g5 fxg5 24. Bf5+ Kb8 25. Rg4 Nh4 26. Bxh4 gxh4 27. Qe4 g6
28. Be6 Qe7 29. Qf4 Rh7 30. e4 Bd7 31. Rxg6 Rg7 32. Qh6 Rxg6+ 33. Qxg6 Bc8 34.
Rf7 Qe8 35. Bxc8 Kxc8 36. Qf5+ Kb8 37. Qf6 Ka8 38. Kf2 Rb8 39. Ke3 a6 40. Qe7
Qh8 41. Kd3 Qh5 42. Rf1 Qg6 43. Qxh4 Re8 44. Qf4 Qg2 45. Re1 Qxa2 46. Qxd6 Rc8
47. Rf1 Ka7 48. Qg3 b5 49. cxb5 axb5 50. Qg7+ Ka8 51. Qd7 1-0

[Event "Paracin 2023"]
[Site "Paracin, Serbia"]
[Date "2023.07.10"]
[Round "4.10"]
[White "Yatzenko, Anton"]
[Black "Stoyanov, Viktor"]
[Result "1/2-1/2"]
[WhiteElo "2335"]
[BlackElo "2258"]
[PlyCount "128"]
[EventDate "2023.??.??"]

1. d4 Nf6 2. Nf3 d5 3. e3 e6 4. c4 Bd6 5. Nbd2 O-O 6. Bd3 b6 7. O-O Bb7 8. Qc2
Nbd7 9. b3 Qe7 10. Bb2 c5 11. Ne5 cxd4 12. exd4 Rac8 13. Rae1 g6 14. f4 Nh5 15.
Qd1 f6 16. Nxd7 Qxd7 17. g3 f5 18. Qe2 Rfe8 19. Nf3 Nf6 20. Rc1 Qe7 21. Rc2 Ne4
22. Rfc1 Rc7 23. Qe3 Rec8 24. Ne5 Nf6 25. Bf1 dxc4 26. bxc4 Be4 27. Bd3 Qe8 28.
Bxe4 Nxe4 29. Ba3 Bxa3 30. Qxa3 Qd8 31. Qe3 b5 32. c5 Qd5 33. Nf3 Kg7 34. Qb3
Qxb3 35. axb3 b4 36. Ra1 Nc3 37. Ra6 Kf6 38. Kf2 h6 39. Rc1 g5 40. Re1 Ne4+ 41.
Ke3 Rd8 42. Ne5 Nc3 43. Rd6 Ra8 44. Kd3 Nb5 45. Ra6 Rd8 46. Nf3 Rxc5 47. Rexe6+
Kg7 48. Rg6+ Kf8 49. Raf6+ Ke7 50. Re6+ Kf8 51. Rgf6+ Kg8 52. Rc6 Rxc6 53. Rxc6
g4 54. Ne5 Rxd4+ 55. Kc2 Rd6 56. Rc8+ Kg7 57. Rc5 Nd4+ 58. Kb2 Ne6 59. Ra5 Rd2+
60. Kc1 Rxh2 61. Rxa7+ Kg8 62. Ra8+ Kg7 63. Ra7+ Kf8 64. Ng6+ Kg8 1/2-1/2

[Event "Paracin 2023"]
[Site "Paracin, Serbia"]
[Date "2023.07.10"]
[Round "4.11"]
[White "Ivanisevic, Ivan"]
[Black "Tulchynskyi, Feliks"]
[Result "1-0"]
[WhiteElo "2536"]
[BlackElo "2248"]
[PlyCount "103"]
[EventDate "2023.??.??"]

1. d4 d5 2. Nf3 c6 3. Bf4 Bf5 4. e3 e6 5. c4 Bd6 6. Bg3 Nf6 7. Nc3 O-O 8. Qb3
b6 9. Rc1 Qe7 10. Nh4 Bg4 11. Bxd6 Qxd6 12. h3 Bh5 13. cxd5 exd5 14. g4 Bg6 15.
Bg2 Nbd7 16. O-O Rfe8 17. Nxg6 hxg6 18. Rc2 b5 19. g5 Nh5 20. Nb1 Nb6 21. Qa3
Qd7 22. b3 Re6 23. Nd2 Nc8 24. Rfc1 Ne7 25. Nf3 f6 26. Qc5 Nf5 27. a4 Rb8 28.
Ra2 b4 29. Bf1 Qb7 30. a5 fxg5 31. Ne5 Ne7 32. Be2 Nf6 33. Bg4 Nxg4 34. hxg4 a6
35. Ra4 Rf6 36. Kg2 Kf8 37. Rh1 Kg8 38. Rh3 Rbf8 39. f3 Qb5 40. Qxb5 cxb5 41.
Ra1 Nc6 42. Nd7 Re8 43. Nxf6+ gxf6 44. Rah1 Kf7 45. Rh7+ Ke6 46. Rc1 Kd6 47.
Kf2 f5 48. gxf5 Nxa5 49. Ra1 Nc6 50. Rxa6 Rf8 51. Rg7 Rxf5 52. Rxg6+ 1-0

[Event "Paracin 2023"]
[Site "Paracin, Serbia"]
[Date "2023.07.10"]
[Round "4.12"]
[White "Arnaudov, G. Petar"]
[Black "Aakash Sharadchandra, Dalvi"]
[Result "1-0"]
[WhiteElo "2450"]
[BlackElo "2210"]
[PlyCount "65"]
[EventDate "2023.??.??"]

1. Nf3 d5 2. g3 Nf6 3. Bg2 Bf5 4. c4 c6 5. cxd5 cxd5 6. Qb3 Qc8 7. Nc3 e6 8. d3
Be7 9. Bf4 O-O 10. O-O Nc6 11. Rac1 Qd7 12. e4 Bg4 13. Ne5 Nxe5 14. Bxe5 dxe4
15. dxe4 Bc5 16. h3 Bh5 17. Bxf6 gxf6 18. Nd5 Bd4 19. Qd3 Bxf2+ 20. Rxf2 exd5
21. Qxd5 Qxd5 22. exd5 Rac8 23. Rfc2 Rce8 24. d6 Re6 25. Rd2 Rd8 26. d7 Kf8 27.
Rc8 Ke7 28. Rxd8 Kxd8 29. Bxb7 Be2 30. a4 a5 31. b3 Re3 32. Kf2 Rxb3 33. Bd5
1-0

[Event "Paracin 2023"]
[Site "Paracin, Serbia"]
[Date "2023.07.10"]
[Round "4.13"]
[White "Afanasiev, Vadim"]
[Black "Low, Zhen Yu Cyrus"]
[Result "0-1"]
[WhiteElo "2213"]
[BlackElo "2444"]
[PlyCount "86"]
[EventDate "2023.??.??"]

1. d4 Nf6 2. c4 e6 3. g3 d5 4. Bg2 dxc4 5. Nf3 Nc6 6. O-O Rb8 7. Bg5 Be7 8. e3
b5 9. b3 O-O 10. Qc1 cxb3 11. axb3 Bb7 12. Nc3 a6 13. Bxf6 Bxf6 14. Ne4 Be7 15.
Nc5 Nb4 16. Nxb7 Rxb7 17. Nd2 Rb6 18. Ne4 Qc8 19. Nc5 Rd8 20. Qc3 Nd5 21. Qa5
e5 22. Nxa6 exd4 23. exd4 Bf6 24. Rfd1 Ne7 25. Nb4 Bxd4 26. Nd5 Rxd5 27. Bxd5
Bxa1 28. Qxa1 Rd6 29. Be4 Rxd1+ 30. Qxd1 g6 31. Qd4 Qe6 32. Kg2 c5 33. Qd3 Nc6
34. Bd5 Nb4 35. Bxe6 Nxd3 36. Bd7 b4 37. Bb5 Ne1+ 38. Kg1 Nf3+ 39. Kg2 Nd2 40.
Ba4 c4 41. bxc4 Nxc4 42. Bb5 Nd2 43. Ba4 b3 0-1

[Event "Paracin 2023"]
[Site "Paracin, Serbia"]
[Date "2023.07.10"]
[Round "4.14"]
[White "Tsvetkov, Andrey"]
[Black "Nurgali, Nazerke"]
[Result "1-0"]
[WhiteElo "2412"]
[BlackElo "2192"]
[PlyCount "201"]
[EventDate "2023.??.??"]

1. c4 c5 2. Nf3 Nc6 3. d4 cxd4 4. Nxd4 g6 5. e4 Bg7 6. Be3 Nf6 7. Nc3 d6 8. Be2
O-O 9. O-O a6 10. Nc2 b6 11. f3 e6 12. Qd2 Qc7 13. Rfd1 Rd8 14. Rac1 Rb8 15. b4
Ne5 16. Nd4 Bb7 17. Na4 Ba8 18. Nb3 Rd7 19. Qe1 Rdd8 20. Qf2 Ned7 21. Rd2 Bf8
22. Rcd1 Be7 23. Rc1 Bf8 24. Rdc2 a5 25. bxa5 bxa5 26. Bd2 Qc6 27. Nc3 a4 28.
Nd4 Qc8 29. Nxa4 Bc6 30. Nc3 Qb7 31. Ncb5 Ra8 32. Rb1 Rdb8 33. Bc3 Be7 34. Bf1
Nc5 35. Rcb2 Qd7 36. Nxc6 Qxc6 37. e5 dxe5 38. Bxe5 Rc8 39. Kh1 Nfd7 40. Bd4
Qa6 41. Qg3 Qc6 42. Rd2 f6 43. Rbd1 e5 44. Be3 Rd8 45. f4 exf4 46. Bxf4 Ne4 47.
Qf3 Ndc5 48. Nc7 Rxd2 49. Rxd2 Rc8 50. Nd5 Bd8 51. Rd1 Qa4 52. Re1 f5 53. Nc3
Qa5 54. Rc1 Bf6 55. Nxe4 Nxe4 56. Bd3 Nc5 57. Qd5+ Kg7 58. Be3 Qa3 59. Rd1 Rc7
60. Qd6 Qa5 61. Bc2 Rc8 62. Bh6+ Kxh6 63. Qxf6 Re8 64. Qh4+ Kg7 65. Qd4+ Kg8
66. h3 Qb4 67. Rb1 Qa5 68. Qd5+ Kg7 69. Qd6 Re6 70. Qd4+ Kf7 71. Qh8 h5 72.
Qh7+ Kf6 73. Qh8+ Kf7 74. Qb8 Re7 75. Rf1 Re1 76. Rxe1 Qxe1+ 77. Kh2 Qf2 78.
Qc7+ Kg8 79. Bd1 f4 80. Qd8+ Kf7 81. Qd5+ Kg7 82. Qe5+ Kh7 83. Bf3 Qg3+ 84. Kg1
Nd3 85. Qe2 Ne1 86. Kf1 Nxf3 87. Qxf3 Qg5 88. Qb7+ Kh6 89. Qe4 Qf6 90. Kg1 g5
91. c5 g4 92. hxg4 hxg4 93. c6 Kh5 94. Qc4 Qa1+ 95. Kf2 Qb2+ 96. Kg1 f3 97.
Qd5+ Kh4 98. Qd8+ Kh5 99. Qe8+ Kg5 100. Qe3+ Kh4 101. Qh6+ 1-0

[Event "Paracin 2023"]
[Site "Paracin, Serbia"]
[Date "2023.07.10"]
[Round "4.15"]
[White "Becker, Marcel"]
[Black "Poleksic, Dusan"]
[Result "1/2-1/2"]
[WhiteElo "2323"]
[BlackElo "2151"]
[PlyCount "50"]
[EventDate "2023.??.??"]

1. d4 Nf6 2. c4 c5 3. d5 b5 4. Nf3 d6 5. Qc2 b4 6. e4 g6 7. h3 Bg7 8. Bd3 O-O
9. O-O e5 10. dxe6 fxe6 11. e5 dxe5 12. Nxe5 Qc7 13. Re1 Nh5 14. Be4 Qxe5 15.
Re2 Ng3 16. fxg3 Qxg3 17. Nd2 Bd4+ 18. Kh1 Nd7 19. Bxa8 Ne5 20. Qb3 Nd3 21. Nf3
Rxf3 22. Bxf3 Be5 23. Rxe5 Nf2+ 24. Kg1 Nxh3+ 25. Kh1 Nf2+ 1/2-1/2

[Event "Paracin 2023"]
[Site "Paracin, Serbia"]
[Date "2023.07.10"]
[Round "4.16"]
[White "Vignesh, B."]
[Black "Petrovic, Aleksa"]
[Result "0-1"]
[WhiteElo "2197"]
[BlackElo "2311"]
[PlyCount "74"]
[EventDate "2023.??.??"]

1. e4 c6 2. d4 d5 3. exd5 cxd5 4. Nf3 Nf6 5. Ne5 g6 6. Bb5+ Bd7 7. Nxd7 Nbxd7
8. O-O Bg7 9. a4 O-O 10. c3 Qb6 11. Qe2 Qd6 12. Nd2 e5 13. dxe5 Nxe5 14. Nf3
Nh5 15. Nxe5 Bxe5 16. g3 a6 17. Bd3 Rae8 18. Qf3 Rc8 19. Rd1 Rfd8 20. Bg5 Bf6
21. Be3 Bg7 22. a5 Nf6 23. Bb6 Re8 24. Bd4 Rcd8 25. Bxf6 Qxf6 26. Kg2 Qe7 27.
Ra4 Qd7 28. Raa1 Qc7 29. Bf1 Re5 30. Rd2 Rf5 31. Qd1 Qc6 32. Kg1 Bh6 33. Rd3
Qf6 34. Qc2 Bf8 35. Bh3 Re5 36. Rad1 Rde8 37. Rxd5 Re2 0-1

[Event "Paracin 2023"]
[Site "Paracin, Serbia"]
[Date "2023.07.10"]
[Round "4.17"]
[White "Saravanan, V.."]
[Black "Vujacic, Igor"]
[Result "1-0"]
[WhiteElo "2298"]
[BlackElo "2145"]
[PlyCount "65"]
[EventDate "2023.??.??"]

1. d4 Nf6 2. c4 g6 3. Nc3 Bg7 4. e4 d6 5. Nf3 O-O 6. Be2 Nbd7 7. O-O e5 8. Re1
c6 9. Bf1 Re8 10. d5 c5 11. Rb1 Kh8 12. a3 Ng8 13. b4 Bh6 14. Bb2 f5 15. exf5
gxf5 16. Qc2 Qf6 17. Nb5 Re7 18. Bd3 a6 19. Nc7 Rb8 20. Bxf5 Nf8 21. Ne6 Bxe6
22. dxe6 Nxe6 23. Rxe5 Nd4 24. Rxe7 Nxe7 25. Nxd4 cxd4 26. Bxh7 Bg7 27. Be4 b6
28. Rd1 d3 29. Bxf6 dxc2 30. Bxg7+ Kxg7 31. Bxc2 Rc8 32. Rxd6 Rxc4 33. Bd3 1-0

[Event "Paracin 2023"]
[Site "Paracin, Serbia"]
[Date "2023.07.10"]
[Round "4.18"]
[White "Knezevic, Veljko"]
[Black "Pavlov, Mark"]
[Result "0-1"]
[WhiteElo "2146"]
[BlackElo "2286"]
[PlyCount "50"]
[EventDate "2023.??.??"]

1. d4 d6 2. Nf3 g6 3. c4 Bg7 4. Nc3 Nd7 5. g3 e5 6. Bg2 Ne7 7. O-O O-O 8. dxe5
dxe5 9. Qc2 Nf5 10. Rd1 Nd4 11. Nxd4 exd4 12. Ne4 h6 13. Rb1 Qe7 14. b4 f5 15.
Nc5 Nxc5 16. bxc5 c6 17. e3 dxe3 18. Bxe3 f4 19. Bxf4 Bf5 20. Qb3 Bxb1 21. Bd6
Qe2 22. Qxb1 Rxf2 23. Bf1 Qe3 24. Kh1 Qf3+ 25. Kg1 Rxf1+ 0-1

[Event "Paracin 2023"]
[Site "Paracin, Serbia"]
[Date "2023.07.10"]
[Round "4.19"]
[White "Ristic, Nenad"]
[Black "Vanden Bussche, Steven"]
[Result "1-0"]
[WhiteElo "2248"]
[BlackElo "2082"]
[PlyCount "97"]
[EventDate "2023.??.??"]

1. e4 c6 2. c4 d5 3. exd5 cxd5 4. cxd5 Nf6 5. Nc3 Nxd5 6. Nf3 Nc6 7. Bc4 e6 8.
O-O Be7 9. d4 O-O 10. Re1 a6 11. a3 Nxc3 12. bxc3 b5 13. Bd3 Bb7 14. h4 h6 15.
Bb1 Na5 16. Qc2 f5 17. Rxe6 Nc4 18. Qe2 Bd6 19. Bxh6 Bxf3 20. Qxf3 Qxh4 21. g3
Qh3 22. Bd3 Rad8 23. Rg6 Kh7 24. Bf1 Qxh6 25. Rxh6+ Kxh6 26. Bxc4 bxc4 27. Qc6
f4 28. g4 f3 29. Qxa6 Rf4 30. Kf1 Rxg4 31. Qc6 Rg6 32. Qxf3 Rf6 33. Qe3+ Bf4
34. Qe4 Rdf8 35. Ke2 g6 36. Rh1+ Kg7 37. Rb1 R8f7 38. Rb7 Bc7 39. f3 Kf8 40.
Qd5 Re7+ 41. Kd1 Rfe6 42. Qxc4 Re1+ 43. Kc2 R7e2+ 44. Kb3 Rb1+ 45. Ka4 Rxb7 46.
Qxe2 Rb6 47. Qc4 Bd8 48. Qc8 Ke8 49. c4 1-0

[Event "Paracin 2023"]
[Site "Paracin, Serbia"]
[Date "2023.07.10"]
[Round "4.20"]
[White "Miletic, Vuk"]
[Black "Barath, Kalyan M"]
[Result "1-0"]
[WhiteElo "2234"]
[BlackElo "2020"]
[PlyCount "105"]
[EventDate "2023.??.??"]

1. d4 Nf6 2. Bf4 d5 3. e3 e6 4. Nf3 Bd6 5. Ne5 O-O 6. Nd2 c5 7. c3 Qc7 8. Bd3
Nc6 9. Ndf3 Ne4 10. Bg3 f6 11. Nxc6 bxc6 12. Bxe4 dxe4 13. Nd2 f5 14. dxc5 Bxg3
15. hxg3 Ba6 16. Nb3 Rab8 17. Qd6 Qxd6 18. cxd6 Rfd8 19. Nc5 Bd3 20. O-O-O Rxd6
21. Rd2 Rb5 22. b4 a5 23. a3 e5 24. Rhd1 Rxc5 25. bxc5 Rd5 26. Rb2 Rxc5 27.
Rb8+ Kf7 28. Kb2 h5 29. a4 g6 30. Ra8 Kf6 31. Ra7 Ke6 32. Ra1 Bc4 33. Rd1 Bd3
34. Rc7 Kf6 35. Rc8 Kg5 36. Rd8 h4 37. gxh4+ Kxh4 38. Rh1+ Kg4 39. Rg8 g5 40.
Rh6 f4 41. Rhg6 fxe3 42. Rxg5+ Kf4 43. Rg4+ Kf5 44. fxe3 Rd5 45. R4g6 Be2 46.
g4+ Bxg4 47. Rg5+ Ke6 48. Rxg4 Rd2+ 49. Kb3 Re2 50. Rxe4 Kd5 51. Rgg4 c5 52.
c4+ Ke6 53. Rg5 1-0